| 000 | 01032nas a2200313 4500 | ||
|---|---|---|---|
| 001 | BR2013005853 | ||
| 003 | BR-BrBNA | ||
| 005 | 20231205122717.0 | ||
| 007 | ta | ||
| 008 | 230509b bl.|||p| |||| 00| 00por d | ||
| 040 |
_aBR-BrBNA _bpor _cBiblioteca Nacional de Agricultura |
||
| 041 | _a(Pt) | ||
| 072 | _aF60; K01; P40 | ||
| 100 | 1 | _aPinto Jr., O.B. | |
| 100 | 1 | _aVourlitis, G.L. | |
| 100 | 1 | _aSanches, L. | |
| 100 | 1 | _aDalmagro, H.J. | |
| 100 | 1 | _aLobo, F. de A. | |
| 100 | 1 | _aNogueira, J. de S. | |
| 245 | 1 | _aTranspiração pelo método da sonda de dissipação térmica em floresta de transição Amazônica-Cerrado | |
| 650 | _aTRANSPIRAÇÃO VEGETAL | ||
| 650 | _aEVAPOTRANSPIRAÇÃO | ||
| 650 | _aPRESSÃO | ||
| 650 | _aATMOSFERA | ||
| 773 | 0 |
_tRevista Brasileira de Engenharia Agrícola e Ambiental (Brazil) _xISSN 1807-1929 _g(Mar 2013), v. 17(3) p. 268-274 _wBR2013005853 |
|
| 856 | 4 | 0 | _uhttp://www.scielo.br/pdf/rbeaa/v17n3/04.pdf |
| 909 |
_a202311 _bLúcia _c55 _dLúcia Elande |
||
| 942 |
_2AGRIS _n0 _cANA |
||
| 999 |
_c230112 _d230112 |
||